Normal view MARC view

Entry Personal Name

Number of records used in: 2

001 - CONTROL NUMBER

  • control field: 50993

003 - CONTROL NUMBER IDENTIFIER

  • control field: OSt

005 - DATE AND TIME OF LATEST TRANSACTION

  • control field: 20240808104914.0

008 - FIXED-LENGTH DATA ELEMENTS

  • fixed length control field: 240808|| aca||aabn | a|a d

040 ## - CATALOGING SOURCE

  • Original cataloging agency: OSt
  • Transcribing agency: OSt

100 ## - HEADING--PERSONAL NAME

  • Personal name: တင်၊ ဆရာ။

670 ## - SOURCE DATA FOUND

  • Source citation: Work cat.: (OSt)19225: လင်း၊ဦး၊ပါဠိဆရာကြီး၊အဂ္ဂမဟာပဏ္ဍိတ 18689, မဟာ‌ကောသလ၏သောဠသအိပ်မက်ခန်း /, ၁၉၇၄။

Library - 09407999929
Admin Office - 09407999979
Dean Office - 09250910768
Registrar Office - 09892297154
Email - [email protected]
Shan State Buddhist University, Phaya Phyu Taunggyi, Shan State, Myanmar.